Name These Nba Players By Their Faces - Statistics

General Stats
  • This quiz has been taken 356 times
  • The average score is 13 of 17
Answer Stats
Picture Answer % Correct
Kobe Bryant
100%
Kareem Abdul-Jabbar
90%
Magic Johnson
90%
Stephen Curry
90%
Michael Jordan
89%
Reggie Miller
89%
Klay Thompson
88%
Luka Doncic
88%
Allen Iverson
87%
Giannis Antetokounmpo
87%
Dirk Nowitzki
85%
Jerry West
79%
Fred VanVleet
75%
Dwyane Wade
72%
Moses Malone
60%
Marvin Bagley III
45%
Isiah Thomas
34%
No matching quizzes found
Score Distribution
Percent of People with Each Score
Percentile by Number Answered
Your Score History
You have not taken this quiz